Ťapákovci a iné poviedky /

Hlavní autor: Timrava, 1867-1951
Další autoři: Noge, Július, 1931-1993, Vrtiak, Jozef, 1920-1993
Jazyk: Slovenština
Vydáno: Bratislava : Mladé letá, 1963
Vydání: 2. vyd.
Edice: Školská knižnica
Fyzický popis: 251 s. : il. ; 8°
Knihy
Uloženo v:
LEADER 00905nam a22002532a 4500
001 001402715
003 CZ BrMZK
005 20150203113206.0
007 ta
008 140710s1963 xo a er|||||||||||slo d
040 |a ABA001  |b cze  |c ABA001  |d BOA001 
100 0 |a Timrava,  |d 1867-1951  |7 jn19981002226  |4 aut 
245 1 0 |a Ťapákovci a iné poviedky /  |c Timrava ; výber zostavil, doslov a poznámky napísal Július Noge ; ilustroval Jozef Vrtiak 
250 |a 2. vyd. 
260 |a Bratislava :  |b Mladé letá,  |c 1963 
300 |a 251 s. :  |b il. ;  |c 8° 
490 1 |a Školská knižnica 
700 1 |a Noge, Július,  |d 1931-1993  |7 ola2002111244  |4 edt 
700 1 |a Vrtiak, Jozef,  |d 1920-1993  |7 jx20050627031  |4 ill 
830 0 |a Školská knižnica 
910 |a BOA001  |b 2-0444.346-63 
990 |a BK 
991 |b 201407 
996 7 |b 2619090299  |c 2-0444.346-63  |l MZK  |r Sklad / do 24 hodin  |n 0  |w 001437789  |u 000010  |a 1  |e BOA001  |j MZK50  |s A